00605cam a22002171 4500001001300000003000400013005001700017008004100034010001700075025002300092035002000115040002300135042001200158050001900170100001400189245005400203260008400257300001800341500001100359999001700370sa 66001065 DLC20260227112219.0960922s195u pk 000 0 pusr  asa 66001065  aPL480:P-Pushto-220 a(OCoLC)35601626 aDLCcCLUdCLUdDLC apremarc00aPK6820.J3bD240 aJamshayd.10aDa wiṣāl shpah.cAuthor: da topạy Jamshayd. aPishāwar,bḤājī Muḥammad, ʻAbd al-Khāliq, Faz̤al Mālikc[195-?] a48 p.c26 cm. aPoems. c67572d67572